'T' in Europe Quiz Stats

 Plays Quiz Updated Apr 6, 2017

Also try: 'R' in Europe
Challenge
Share
Tweet
Embed
Score 0/16 Timer 05:00
36 Plays Today
Hint Answer % Correct
What river runs through the middle of London?Thames
95.1%
Which historical region in central Romania is associated with Bram Stokers novel 'Dracula'?Transylvania
86.6%
What country is the only one that borders both the Black Sea and the Mediterranean Sea?Turkey
74.6%
Rome stands on which river?Tiber
72.2%
Which city is the capital of the Piedmont region in northwest Italy?Turin
72.1%
What public square in London was named to commemorate a British naval victory in the Napoleonic Wars?Trafalgar Square
69.8%
Florence is the capital city of which region in central Italy?Tuscany
68.8%
Which city is the largest of the Occitanie region of southern France?Toulouse
58.7%
Hint Answer % Correct
What is the capital and largest city of Albania?Tirana
57.8%
What capital city lies on the Baltic Sea and is often referred to as the Silicon Valley of Europe?Tallinn
54.5%
Which city in central Spain has been famous for its steel and sword-making since Roman times?Toledo
41%
Innsbruck is the capital city of which state in western Austria?Tyrol
40.2%
Which city in Tr√łndelag county is the third most populous municipality in Norway?Trondheim
39.5%
What Greek city is the second-largest in the country and the capital of Greek Macedonia?Thessaloniki
38.6%
Nottingham, Newark and Gainsborough all stand on which river in England?Trent
37.4%
What city in southern France is home to a significant naval base?Toulon
26.2%

You're not logged in!

Compare scores with friends on all Sporcle quizzes.
Join for Free
OR
Log In

You Might Also Like...

Show Comments

Extras

Top Quizzes Today


Score Distribution

Your Account Isn't Verified!

In order to create a playlist on Sporcle, you need to verify the email address you used during registration. Go to your Sporcle Settings to finish the process.

Report this User

Report this user for behavior that violates our Community Guidelines.

Details: